New horizons in the study of language and mind

Gespeichert in:
Bibliographische Detailangaben
1. Verfasser: Chomsky, Noam (VerfasserIn)
Format: Buch
Sprache:Englisch
Veröffentlicht: Cambridge Cambridge University 2000
Ausgabe:1a. ed
Schlagworte:
Tags: Tag hinzufügen
Keine Tags, Fügen Sie den ersten Tag hinzu!

MARC

LEADER 00000nam a2200000 a 4500
001 UCK0568
003 CL-VaPUC
008 041015e20000000uk |||||||||||||||||eng|d
020 |a 0521658225 
082 0 4 |a 401  |b CHO  |2 21 
100 0 |a Chomsky, Noam  |e author  |9 320717 
245 1 0 |a New horizons in the study of language and mind 
250 |a 1a. ed 
300 |a 230 p 
942 |c BK 
945 |d 20041015 00:00:00  |a vberengu 
260 |a Cambridge  |b Cambridge University  |c 2000 
650 0 |a Lingüística  |9 265068 
650 0 |a Filosofía del lenguaje  |9 257082 
583 |a last modification  |c 20130806 04:54:32  |k Rodrigo Vera 
999 |c 310943  |d 310941 
952 |0 0  |1 0  |4 0  |6 401_000000000000000_CHO_2000  |7 0  |8 A  |9 380029  |a BIBEDU  |b BIBEDU  |d 2019-11-21  |i 4071565  |o 401 CHO 2000  |p 4071565  |r 2019-11-21  |w 2019-11-21  |y BK  |k LIT 
952 |0 0  |1 0  |4 0  |6 401_000000000000000_CHO_2000  |7 0  |8 A  |9 380030  |a FDOPOS  |b FDOPOS  |d 2019-11-21  |i 4349210  |o 401 CHO 2000  |p 4349210  |r 2025-01-22  |w 2019-11-21  |y BK  |k MLA